|
|
|
|
| LEADER |
00000cam a2200000 c 4500 |
| 001 |
48181583X |
| 003 |
DE-627 |
| 005 |
20251223205756.0 |
| 007 |
tu |
| 008 |
050315s2005 ne ||||| 00| ||eng c |
| 016 |
7 |
|
|a 013148787
|2 UK
|
| 020 |
|
|
|a 9004143068
|c acid-free paper
|9 90-04-14306-8
|
| 020 |
|
|
|z 9789004143068
|
| 024 |
8 |
|
|a 2005045716
|q Identnummer
|
| 035 |
|
|
|a (DE-627)48181583X
|
| 035 |
|
|
|a (DE-576)118037935
|
| 035 |
|
|
|a (DE-599)GBV48181583X
|
| 035 |
|
|
|a (OCoLC)232005086
|
| 035 |
|
|
|a (OCoLC)58431594
|
| 035 |
|
|
|a (AT-OBV)AC04527858
|
| 040 |
|
|
|a DE-627
|b ger
|c DE-627
|e rakwb
|
| 041 |
|
|
|a eng
|
| 044 |
|
|
|c XA-NL
|c XD-US
|
| 050 |
|
0 |
|a DA774.5
|
| 082 |
0 |
|
|a 909.04916309
|
| 082 |
0 |
|
|a 304.80941109032
|
| 084 |
|
|
|a 7,25
|a 1
|2 ssgn
|
| 084 |
|
|
|a 1
|2 ssgn
|
| 084 |
|
|
|a 74.80
|2 bkl
|
| 084 |
|
|
|a 15.64
|2 bkl
|
| 245 |
0 |
0 |
|a Scottish communities abroad in the early modern period
|c ed. by Alexia Grosjean and Steve Murdoch
|
| 263 |
|
|
|a 0506
|
| 264 |
|
1 |
|a Leiden [u.a.]
|b Brill
|c 2005
|
| 300 |
|
|
|a XX, 417 S
|b graph. Darst., Kt
|
| 336 |
|
|
|a Text
|b txt
|2 rdacontent
|
| 337 |
|
|
|a ohne Hilfsmittel zu benutzen
|b n
|2 rdamedia
|
| 338 |
|
|
|a Band
|b nc
|2 rdacarrier
|
| 490 |
1 |
|
|a Studies in medieval and Reformation traditions
|v 107
|
| 500 |
|
|
|a Includes bibliographical references and indexes
|
| 583 |
1 |
|
|a Archivierung prüfen
|c 20200919
|f DE-640
|z 3
|2 pdager
|
| 583 |
1 |
|
|a Archivierung/Langzeitarchivierung gewährleistet
|f SSG
|x XA-DE-BW
|2 pdager
|5 DE-21
|
| 583 |
1 |
|
|a Archivierung prüfen
|c 20240324
|f DE-4165
|z 1
|2 pdager
|
| 650 |
|
0 |
|a Scots
|x History
|x 16th century
|x Foreign countries
|
| 650 |
|
0 |
|a Scots
|x History
|x 17th century
|x Foreign countries
|
| 650 |
|
0 |
|a Scots
|x History
|x 18th century
|x Foreign countries
|
| 650 |
|
0 |
|a Civilization, Modern
|x Scottish influences
|
| 651 |
|
0 |
|a Scotland
|x Emigration and immigration
|x History
|x 16th century
|
| 651 |
|
0 |
|a Scotland
|x Emigration and immigration
|x History
|x 17th century
|
| 651 |
|
0 |
|a Scotland
|x Emigration and immigration
|x History
|x 18th century
|
| 655 |
|
7 |
|a Konferenzschrift
|0 (DE-588)1071861417
|0 (DE-627)826484824
|0 (DE-576)433375485
|2 gnd-content
|
| 655 |
|
7 |
|a Aufsatzsammlung
|0 (DE-588)4143413-4
|0 (DE-627)105605727
|0 (DE-576)209726091
|2 gnd-content
|
| 689 |
0 |
0 |
|d s
|0 (DE-588)4270093-0
|0 (DE-627)104519754
|0 (DE-576)210670630
|2 gnd
|a Schotten
|
| 689 |
0 |
1 |
|d s
|0 (DE-588)4120730-0
|0 (DE-627)105774456
|0 (DE-576)209537477
|2 gnd
|a Migration
|
| 689 |
0 |
2 |
|q z
|2 gnd
|a Geschichte 1560-1750
|
| 689 |
0 |
|
|5 DE-101
|
| 689 |
1 |
0 |
|d s
|0 (DE-588)4003920-1
|0 (DE-627)106388304
|0 (DE-576)208853200
|2 gnd
|a Auswanderung
|
| 689 |
1 |
|
|5 DE-101
|
| 689 |
2 |
0 |
|d s
|0 (DE-588)4068999-2
|0 (DE-627)104637188
|0 (DE-576)209175338
|2 gnd
|a Ausland
|
| 689 |
2 |
1 |
|d s
|0 (DE-588)4019956-3
|0 (DE-627)106319752
|0 (DE-576)208931368
|2 gnd
|a Gemeinde
|
| 689 |
2 |
2 |
|q z
|2 gnd
|a Geschichte 1560-1720
|
| 689 |
2 |
|
|5 (DE-627)
|
| 700 |
1 |
|
|8 1\p
|e Hrsg.
|0 (DE-588)1156720605
|0 (DE-627)1019662832
|0 (DE-576)502391146
|4 edt
|a Grosjean, Alexia
|
| 700 |
1 |
|
|8 2\p
|0 (DE-588)1156720524
|0 (DE-627)1019659599
|0 (DE-576)502390808
|4 oth
|a Murdoch, Steve
|
| 787 |
0 |
8 |
|i Rezensiert in
|a Mullan, David George
|t [Rezension von: Grosjean, Alexia, Scottish Communities Abroad in the Early Modern Period]
|d 2006
|w (DE-627)1802395350
|
| 830 |
|
0 |
|a Studies in medieval and Reformation traditions
|v 107
|9 107
|w (DE-627)393798771
|w (DE-576)117357340
|w (DE-600)2160390-X
|x 1573-4188
|7 am
|
| 856 |
4 |
2 |
|u https://swbplus.bsz-bw.de/bsz118037935inh.htm
|m V:DE-576
|v 2006-12-07
|3 Inhaltsverzeichnis
|7 1
|
| 856 |
4 |
2 |
|u http://www.h-net.org/review/hrev-a0e5i8-aa
|x Verlag
|y Book review (H-Net)
|7 1
|
| 883 |
|
|
|8 1\p
|a cgwrk
|d 20241001
|q DE-101
|u https://d-nb.info/provenance/plan#cgwrk
|
| 883 |
|
|
|8 2\p
|a cgwrk
|d 20241001
|q DE-101
|u https://d-nb.info/provenance/plan#cgwrk
|
| 935 |
|
|
|a mteo
|
| 935 |
|
|
|i Blocktest
|
| 936 |
b |
k |
|a 74.80
|j Demographie
|x Geographie
|0 (DE-627)106412140
|
| 936 |
b |
k |
|a 15.64
|j Großbritannien
|j Irland
|x Geschichte
|0 (DE-627)181570386
|
| 951 |
|
|
|a BO
|
| ACO |
|
|
|a 1
|
| ELC |
|
|
|b 1
|
| ITA |
|
|
|a 1
|t 1
|
| LOK |
|
|
|0 000 xxxxxcx a22 zn 4500
|
| LOK |
|
|
|0 001 3214406116
|
| LOK |
|
|
|0 003 DE-627
|
| LOK |
|
|
|0 004 48181583X
|
| LOK |
|
|
|0 005 20050906000000
|
| LOK |
|
|
|0 008 050726||||||||||||||||ger|||||||
|
| LOK |
|
|
|0 040
|a DE-21
|c DE-627
|d DE-21
|
| LOK |
|
|
|0 852
|a DE-21
|
| LOK |
|
|
|0 852 1
|c 45 A 5838
|9 00
|
| LOK |
|
|
|0 866
|x me
|
| LOK |
|
|
|0 938
|l 22
|8 2
|
| LOK |
|
|
|0 938
|l 06/09/05
|8 6
|
| LOK |
|
|
|0 939
|a 26-07-05
|b l01
|
| LOK |
|
|
|0 000 xxxxxcx a22 zn 4500
|
| LOK |
|
|
|0 001 4830367822
|
| LOK |
|
|
|0 003 DE-627
|
| LOK |
|
|
|0 004 48181583X
|
| LOK |
|
|
|0 005 20251218165817
|
| LOK |
|
|
|0 008 251218||||||||||||||||ger|||||||
|
| LOK |
|
|
|0 035
|a (DE-4020)wubadaa31808
|
| LOK |
|
|
|0 040
|a DE-4020
|c DE-627
|d DE-4020
|
| LOK |
|
|
|0 092
|o n
|
| LOK |
|
|
|0 852
|a DE-4020
|
| LOK |
|
|
|0 852 1
|c H 375/107
|m p
|9 00
|
| LOK |
|
|
|0 935
|a bami
|
| LOK |
|
|
|0 938
|k p
|
| LOK |
|
|
|0 939
|a 18-12-25
|b l01
|
| ORI |
|
|
|a SA-MARC-ixtheoa001.raw
|
| REL |
|
|
|a 1
|
| STA |
0 |
0 |
|a Emigration,Emigration,Emigration and immigration in art,Foreign country,Migration,Migration,Population movement,Municipality,Township,Scots language,Scots,Skotch
|
| STB |
0 |
0 |
|a Commune,Paroisse,Paroisse,Migration,Migration,Écossais,Écossais (langue ; scots),Émigration,Émigration,Étranger,Pays étranger,Pays étranger
|
| STC |
0 |
0 |
|a Comunidad,Emigración,Emigración,Escoceses,Escocés (lengua germánica),Extranjero,Exterior,Exterior,Migración,Migración
|
| STD |
0 |
0 |
|a Comune,Comunità,Comunità,Emigrazione,Emigrazione,Estero,Lingua scots,Migrazione,Migrazione,Scozzesi
|
| STE |
0 |
0 |
|a 外国,教区,教会会众,教会群体,移居外国,移居外国,迁移,移民,迁徙
|
| STF |
0 |
0 |
|a 低地蘇格蘭語,外國,教區,教會會眾,教會群體,移居外國,移居外國,遷移,移民,遷徙
|
| STG |
0 |
0 |
|a Comunidade,Emigração,Emigração,Escoceses,Estrangeiro,Exterior,Exterior,Língua ânglica escocesa,Migração,Migração
|
| STH |
0 |
0 |
|a Заграница,Миграция (мотив),Миграция,Община,Шотландский язык (германский),Шотландцы,Эмиграция (мотив),Эмиграция
|
| STI |
0 |
0 |
|a Αλλοδαπή,Ξένες χώρες,Εξωτερικό,Αποδημία (μοτίβο),Αποδημία,Κοινότητα,Δήμος,Μετανάστευση <μοτίβο>,Μετανάστευση,Αποδημία,Αποδημία (μοτίβο),Σκωτς γλώσσα,Σκωτσέζοι
|
| SUB |
|
|
|a REL
|
| SYE |
0 |
0 |
|a Inglis,Lowland Scots,Lallans,Lallands,Niederschottisch,Tieflandschottisch , Inglis,Lowland Scots,Lallans,Lallands,Niederschottisch,Tieflandschottisch , Inglis,Lowland Scots,Lallans,Lallands,Niederschottisch,Tieflandschottisch
|
| SYG |
0 |
0 |
|a Wanderung,Migration,Bevölkerungswanderung,Wanderung,Wanderungen,Wanderungsbewegung , Emigration <Auswanderung>,Emigration , Die Gemeinde in Karlsruhe,Chiesa , Kommune,Ortsgemeinde,Gemeinden,Politische Gemeinde
|
| TIM |
|
|
|a 100015600101_100017501231
|b Geschichte 1560-1750
|